|
|
|
|
| LEADER |
00000nam0a2200000 4500 |
| 001 |
125787 |
| 005 |
20231031131508.0 |
| 020 |
|
|
|a RU
|b 87-56973
|
| 035 |
|
|
|a (RuTPU)RU\TPU\book\136100
|
| 090 |
|
|
|a 125787
|
| 100 |
|
|
|a 20071120d1987 m y0rusy5003 ca
|
| 101 |
1 |
|
|a rus
|c ger
|
| 102 |
|
|
|a RU
|
| 105 |
|
|
|a y z 000ay
|
| 200 |
1 |
|
|a Помощник. Якоб фон Гунтен. Миниатюры
|e Романы. Пер. с нем.
|f Р. Вальзер
|g авт. предисл. Ю. Архипов ; сост. В. Седельник
|
| 210 |
|
|
|a Москва
|c Художественная литература
|d 1987
|
| 215 |
|
|
|a 462,[1] с.
|d 21 см
|
| 610 |
1 |
|
|a швейцарская литература
|
| 610 |
1 |
|
|a романы
|
| 610 |
1 |
|
|a миниатюры
|
| 675 |
|
|
|a 83
|z rus
|
| 700 |
|
1 |
|a Вальзер
|b Р.
|g Роберт
|4 070
|
| 702 |
|
1 |
|a Архипов
|b Ю.
|4 080
|
| 702 |
|
1 |
|a Седельник
|b В.
|4 220
|
| 801 |
|
0 |
|a RU
|b RuMRKP
|c 19950417
|g psbo
|
| 801 |
|
1 |
|a RU
|b 63413507
|c 20071120
|g PSBO
|
| 801 |
|
2 |
|a RU
|b 63413507
|c 20110513
|g PSBO
|
| 942 |
|
|
|c BK
|